Contributions to financial econometrics : (Record no. 5283)

MARC details
000 -LEADER
fixed length control field 00682nac a22001931u 4500
020 ## - INTERNATIONAL STANDARD BOOK NUMBER
International Standard Book Number 140510743X
082 ## - DEWEY DECIMAL CLASSIFICATION NUMBER
Classification number 330.015195
Item number MCA
090 ## - LOCALLY ASSIGNED LC-TYPE CALL NUMBER (OCLC); LOCAL CALL NUMBER (OCLC)
-- 5283
-- 5283
100 ## - MAIN ENTRY--PERSONAL NAME
Personal name 20080729
245 ## - TITLE STATEMENT
Title Contributions to financial econometrics :
Remainder of title theoretical and practical issues /
Statement of responsibility, etc edited by Michael McAleer and Les Oxley
260 ## - PUBLICATION, DISTRIBUTION, ETC. (IMPRINT)
Place of publication, distribution, etc Oxford :
Name of publisher, distributor, etc Blackwell, 2002.
Date of publication, distribution, etc 2002
300 ## - PHYSICAL DESCRIPTION
Extent 256 p. :
Other physical details ill. ;
Dimensions 25 cm.
500 ## - GENERAL NOTE
General note distributer: Al-Ahram
504 ## - BIBLIOGRAPHY, ETC. NOTE
Bibliography, etc Includes bibliographical references and index
511 ## - PARTICIPANT OR PERFORMER NOTE
Participant or performer note catalogued by: wessam
700 ## - ADDED ENTRY--PERSONAL NAME
Personal name Oxley, Les.
700 ## - ADDED ENTRY--PERSONAL NAME
Personal name McAleer, Michael.
942 ## - ADDED ENTRY ELEMENTS (KOHA)
Item type Book - Borrowing
Call number prefix 330.015195MCA
Holdings
Withdrawn status Item status Damaged status Not for loan Home library Current library Shelving location Date acquired Source of acquisition Total Checkouts Full call number Barcode Date last seen Date last borrowed Koha item type
        Central Library Central Library First floor 14/11/2007 Purchase 1 330.015195MCA 000006615 15/07/2025 05/03/2024 Book - Borrowing